000 00730nam a2200193Ia 4500
008 151121s9999||||xx |||||||||||||| ||und||
082 _a039।91/पोहने
082 _bHNW-17438
100 _aपोहनेरकर न।शे।
245 _aदासोपंतांची पासोडी
260 _b"मराठावाडा साहित्य परिषद, हैद्राबाद"
260 _c--
300 _a145
600 _aपोहनेरकर न।शे।
630 _aदासोपंतांची पासोडी
700 _aपोहनेरकर न।शे।
730 _aदासोपंतांची पासोडी
942 _cBOOK
999 _c1219723
_d1219720